มุมมองปกติ
มุมมองแบบ MARC
- ท่าอากาศยาน
รายการ Topical Term
001 - CONTROL NUMBER
- control field: 66672
003 - CONTROL NUMBER IDENTIFIER
- control field: NALT
005 - DATE AND TIME OF LATEST TRANSACTION
- control field: 20251006112913.0
008 - FIXED-LENGTH DATA ELEMENTS
- fixed length control field: 251006|| aca||babn | a|a d
040 ## - CATALOGING SOURCE
- Original cataloging agency: NALT
150 #4 - HEADING--TOPICAL TERM
- Topical term or geographic name entry element: ท่าอากาศยาน
- General subdivision: ระบบสื่อสาร
